000 00205nam a2200109Ia 4500
100 _aMERNISSI/FATIMA.
942 _cBK
245 _aTHE HAREM WITHIN.
260 _b#N/A
546 _aENGLISH
999 _c33868
_d33868